German Government (Ministers since 2021) - Statistics

General Stats
  • This quiz has been taken 61 times
    41 since last reset
  • The average score is 12 of 17
Answer Stats
Task in the government Party Name % Correct
Federal Minister for Foreign Affairs B90/Green Annalena Baerbock
100%
Federal Minister for Economic Affairs and Climate Protection B90/Green Dr. Robert Habeck
100%
Federal Chancellor SPD Olaf Scholz
100%
Federal Minister of Defence SPD Boris Pistorius
97%
Federal Minister of Finance FDP Christian Lindner
97%
Federal Minister of Health SPD Prof. Dr. Karl Lauterbach
90%
Federal Minister of Food and Agriculture B90/Green Cem Özdemir
84%
Federal Minister of Labourand Social Affairs SPD Hubertus Heil
81%
Federal Minister for Digital and Transport FDP Dr. Volker Wissing
71%
Federal Minister of the Interior and Community SPD Nancy Faeser
68%
Federal Minister of Justice FDP Dr. Marco Buschmann
61%
Federal Minister of Education and Research FDP Bettina Stark-Watzinger
55%
Federal Minister for Economic Cooperation and Development SPD Svenja Schulze
45%
Federal Minister for Housing, Urban Development and Building SPD Klara Geywitz
42%
Head of the Federal Chancellery andFederal Minister for Special Tasks SPD Wolfgang Schmidt
39%
Federal Minister for Family Affairs, Senior Citizens and Youth B90/Green Lisa Paus
35%
Federal Minister for the Environment,Nature Conservation, Nuclear Safety and Consumer Protection B90/Green Steffi Lemke
29%
No matching quizzes found
Score Distribution
Percent of People with Each Score
Percentile by Number Answered
Your Score History
You have not taken this quiz since the last reset